00240 a2200097 450000100060000008200140000610000240002024500530004426000370009730000080013458750 a671.5 LAU aLAughner Vallory H. aHandbook of fastening and joining of metal parts aLondonbMc-Graw-Hill booksc1956 a622